| 000 | 00475nam a2200205Ia 4500 | ||
|---|---|---|---|
| 003 | 0100 | ||
| 008 | 130303s9999 xx 000 0 und d | ||
| 040 | _cARRUPELIB | ||
| 050 | _aLC473.D8 1964 | ||
| 245 | _aPhilosophy and education | ||
| 245 | _ba total view | ||
| 250 | _aNordberg, Robert B | ||
| 260 | _aMilwaukee WI | ||
| 260 | _bThe Bruce Publishing Co. | ||
| 260 | _C1964 | ||
| 300 | _a334p | ||
| 650 | _aEDUCATION | ||
| 700 | _aDupuis, Adrian M | ||
| 942 | 0 | 0 | _03 |
| 999 |
_c41663 _d41663 |
||